Südamerika - Geografie - Quiz - Statistiken

Allgemein
  • Dieses Quiz wurde 169 mal gespielt
    146 seit der letzten Aktualisierung
  • Das Durchschnittsergebnis liegt bei 8 aus 15
Antwortstatistiken
Frage Antwort % Korrekt
Welches davon ist flächenmäßig nach Brasilien (8,5 Mio. km²) das zweitgrößte? Argentinien
90%
Die brasilianische Hauptstadt ist... Brasília
89%
Welches Hochgebirge zieht sich durch den Kontinent? Anden
87%
Lima ist die Hauptstadt von... Peru
84%
Welches Land liegt nicht in Südamerika? Panama
76%
Welche Sprache spricht man in Brasilien Portugiesich
73%
Wie viele Länder hat Südamerika? (ausgenommen Frankreich mit Fr. Guyana) 12
68%
Welchen WELTREKORD hält der Titicacasee, der zwischen Peru und Bolivien liegt? höchstgelegenstes schiffbares Gewässer
46%
Das berühmte "Kap Hoorn", was auch als südlichster Punkt Amerikas bezeichnet wird, befindet sich auf der Insel "Isla Hornos". Zu welchem Land gehört diese? Chile
41%
Wie viele der etwa 10.000 Nebenflüsse des Amazonas sind allein über 1600km lang und somit länger als der Rhein. 17
40%
Südamerika ist der flächenmäßig... viertgrößte Kontinent der Erde.
38%
Wie tief ist der vor der Küste Südamerikas gelegene Atacamagraben, der einer der längsten und tiefsten Tiefseegräben der Welt ist? ca. 8.000m
29%
Wie viel des auf der Welt verbleibenden tropischen Regenwaldes umfasst allein der Amazonas-Regenwald in Südamerika? mehr als 50%
21%
Geschichte: Wann erklärte Brasilien seine Unabhängigkeit gegenüber Portugal? 1822
17%
Wie viele Höhenmeter Unterschied liegen zwischen der Quelle des Amazonas in den Anden und der Mündung in den Atlantik etwa? ca. 5000m
17%
Keine übereinstimmenden Quizze gefunden
Verteilung der Resultate
Anzahl Personen mit jedem Resultat
Perzentil nach korrekt beantworteten Fragen
Ihre Resultats-Entwicklung
Sie haben dieses Quiz seit der letzten Aktualisierung nicht gespielt